<?xml version="1.0" encoding="UTF-8"?>
<record
    xmlns:xsi="http://www.w3.org/2001/XMLSchema-instance"
    xsi:schemaLocation="http://www.loc.gov/MARC21/slim http://www.loc.gov/standards/marcxml/schema/MARC21slim.xsd"
    xmlns="http://www.loc.gov/MARC21/slim">

  <leader>01248nam a22001697a 4500</leader>
  <controlfield tag="003">SGT</controlfield>
  <datafield tag="020" ind1=" " ind2=" ">
    <subfield code="a">9788131509685</subfield>
  </datafield>
  <datafield tag="082" ind1=" " ind2=" ">
    <subfield code="a">658.4,KEL</subfield>
  </datafield>
  <datafield tag="100" ind1=" " ind2=" ">
    <subfield code="a">KELLER,GERALD</subfield>
  </datafield>
  <datafield tag="245" ind1=" " ind2=" ">
    <subfield code="a">STATISTICS FOR MANAGEMENT</subfield>
  </datafield>
  <datafield tag="250" ind1=" " ind2=" ">
    <subfield code="a">1ST</subfield>
  </datafield>
  <datafield tag="260" ind1=" " ind2=" ">
    <subfield code="a">NEW DELHI</subfield>
    <subfield code="b">CENGAGE LEARNING</subfield>
    <subfield code="c">2009</subfield>
  </datafield>
  <datafield tag="300" ind1=" " ind2=" ">
    <subfield code="a">718</subfield>
  </datafield>
  <datafield tag="650" ind1=" " ind2=" ">
    <subfield code="a">STATISTICS MANAGEMENT</subfield>
  </datafield>
  <datafield tag="653" ind1=" " ind2=" ">
    <subfield code="a">'1. WHAT IS STATISTICS? 2. GRAPHICAL DESCRIPTIVE TECHNIQUES I. 3. GRAPHICAL DESCRIPTIVE TECHNIQUES II. 4. NUMERICAL DESCRIPTIVE TECHNIQUES. 5. DATA COLLECTION AND SAMPLING. 6. PROBABILITY. 7. RANDOM VARIABLES AND DISCRETE PROBABILITY DISTRIBUTIONS. 8. CONTINUOUS PROBABILITY DISTRIBUTIONS. 9. SAMPLING DISTRIBUTIONS. 10. INTRODUCTION TO ESTIMATION. 11. INTRODUCTION TO HYPOTHESIS TESTING. 12. INFERENCE ABOUT A POPULATION. 13. INFERENCE ABOUT COMPARING TWO POPULATIONS. 14. ANALYSIS OF VARIANCE. 15. CHI-SQUARED TESTS. 16. SIMPLE LINEAR REGRESSION AND CORRELATION. 17. MULTIPLE REGRESSION. 18. MODEL BUILDING. 19. NONPARAMETRIC STATISTICS. 20. TIME-SERIES ANALYSIS AND FORECASTING. 21. STATISTICAL PROCESS CONTROL. 22. DECISION ANALYSIS. 23. CONCLUSION. APPENDIX A. DATA FILE SAMPLE STATISTICS. APPENDIX B. TABLES. APPENDIX C. ANSWERS TO SELECTED EVEN-NUMBERED EXERCISES. INDEX.</subfield>
  </datafield>
  <datafield tag="942" ind1=" " ind2=" ">
    <subfield code="2">ddc</subfield>
    <subfield code="c">FCM</subfield>
    <subfield code="0">2</subfield>
  </datafield>
  <datafield tag="952" ind1=" " ind2=" ">
    <subfield code="0">0</subfield>
    <subfield code="1">0</subfield>
    <subfield code="2">ddc</subfield>
    <subfield code="4">0</subfield>
    <subfield code="7">0</subfield>
    <subfield code="8">CM</subfield>
    <subfield code="a">SSSL</subfield>
    <subfield code="b">SSSL</subfield>
    <subfield code="c">DISPLAY</subfield>
    <subfield code="d">2016-06-14</subfield>
    <subfield code="e">GIFT</subfield>
    <subfield code="g">725.00</subfield>
    <subfield code="i">SGTU</subfield>
    <subfield code="l">4</subfield>
    <subfield code="o">658.4,KEL</subfield>
    <subfield code="p">CM321</subfield>
    <subfield code="r">2022-12-27 00:00:00</subfield>
    <subfield code="s">2022-12-27</subfield>
    <subfield code="w">2016-06-14</subfield>
    <subfield code="y">FCM</subfield>
  </datafield>
  <datafield tag="999" ind1=" " ind2=" ">
    <subfield code="c">9002</subfield>
    <subfield code="d">9002</subfield>
  </datafield>
</record>
